The circus : and other essays and fugitive pieces /

Bibliographic Details
Main Author: Kilmer, Joyce, 1886-1918
Other Authors: Holliday, Robert Cortes, 1880-1947
Format: Book
Language:English
Published: New York : George H. Doran company, [1921]

MARC

Tag First Indicator Second Indicator Subfields
LEADER 00000cam a2200000 4500
001 in00000021799
005 20151007063735.0
008 711220s1921 nyu 00010 eng u
010 |a  21007283  
035 |a (OCoLC)00185085 
035 |9 AAD8135AM 
040 |c YNG  |d TXA  |d UtOrBLW 
049 |a TXAM  |c [156025] 
050 0 |a PS3521.I38  |b C5 1921 
092 |a 814  |b K48c 
100 1 |a Kilmer, Joyce,  |d 1886-1918. 
245 1 4 |a The circus :  |b and other essays and fugitive pieces /  |c by Joyce Kilmer; ed. with introduction, by Robert Cortes Holliday. 
264 1 |a New York :  |b George H. Doran company,  |c [1921] 
264 4 |c [©1921] 
300 |a x pages, 1 ., 13-311p. ;  |c 21 cm. 
336 |a text  |b txt  |2 rdacontent 
337 |a unmediated  |b n  |2 rdamedia 
338 |a volume  |b nc  |2 rdacarrier 
700 1 |a Holliday, Robert Cortes,  |d 1880-1947. 
999 |a MARS 
999 f f |s 2452b545-c401-34c5-8741-3a422f20ec0f  |i 538fadf3-d750-3e05-98d7-00c430245919  |t 0 
952 f f |p ric  |a Texas A&M University  |b Rellis Campus  |c Joint Library Facility  |d Remote Storage  |t 0  |e PS3521.I38 C5 1921  |h Library of Congress classification  |i unmediated -- volume  |m A14801258514 
998 f f |a PS3521.I38 C5 1921  |t 0  |l Remote Storage